[Event "Mittelfranken Mitte-ch 9899"]
[Site "Zirndorf"]
[Date "1999.??.??"]
[Round "6"]
[White "Basting, Steffen"]
[Black "Schloetterer, Hermann"]
[Result "1-0"]
[WhiteElo "1701"]
[BlackElo "1906"]
[PlyCount "129"]
[EventDate "1999.01.23"]
[EventType "swiss"]
[EventRounds "7"]
[EventCountry "GER"]
[SourceTitle "EXT 2015"]
[Source "ChessBase"]
[SourceDate "2014.11.20"]
[SourceVersion "1"]
[SourceVersionDate "2014.11.20"]
[SourceQuality "1"]

1. e4 c5 2. Nc3 Nc6 3. g3 g6 4. Bg2 Bg7 5. d3 e6 6. f4 Nge7 7. Nf3 0-0 8. 0-0 Rb8 9. Be3 Nd4 10. e5 Nef5 11. Bf2 d5 12. exd6 Nxd6 13. Na4 b6 14. c3 Nxf3+ 15. Bxf3 Qd7 16. d4 c4 17. b3 Bb7 18. Nb2 Rbc8 19. b4 Rfd8 20. Re1 Nb5 21. Bxb7 Qxb7 22. Qc2 Qd5 23. a4 Nd6 24. Nd1 a6 25. Ne3 Qf3 26. Qe2 Qxe2 27. Rxe2 Ne4 28. Rc1 f5 29. Ng2 Bf6 30. Ne1 Kf7 31. Nf3 h6 32. Nd2 Nxd2 33. Rxd2 g5 34. Be3 Rd5 35. Re2 Re8 36. Rce1 Kg6 37. Bd2 Kh5 38. Rxe6 Rxe6 39. Rxe6 Bd8 40. Rc6 Rd7 41. Rxc4 Re7 42. Kf2 Re6 43. Rc8 Be7 44. fxg5 hxg5 45. Kf3 g4+ 46. Kf2 Kg6 47. d5 Re5 48. Rc6+ Kf7 49. d6 Re6 50. Bf4 Bd8 51. Rc8 Ke8 52. Bg5 Rxd6 53. Rxd8+ Rxd8 54. Bxd8 Kxd8 55. Ke3 Kd7 56. Kf4 Ke6 57. c4 a5 58. bxa5 bxa5 59. c5 Kd5 60. Kxf5 Kxc5 61. Kxg4 Kb4 62. h4 Kxa4 63. h5 Kb3 64. h6 a4 65. h7 1-0